000 00761nam a2200241 i 4500
001 C2-0307595
003 PPAK
005 20180728094331.0
008 110314s2003 my a|||| ||||| | may d
040 _aPPAK
_beng
_cPPAK
_erda
082 0 4 _a331.252
_223
090 0 0 _a331.252
_bBUL
_dKK
245 0 0 _aBuletin Warisan:
_bBerita Persatuan Pesara-Pesara Kerajaan Malaysia Kedah Darul Aman
264 1 _aAlor Setar, Kedah :
_bPersatuan Pesara Kedah ,
_c2003
300 _a12 pages :
_billustrations ;
_c29 cm
336 _2rdacontent
_atext
337 _2rdamedia
_aunmediated
338 _2rdacarrier
_avolume
500 _aBuletin
650 1 0 _aPensions - Malaysia
700 0 _aHj. Ismail Bin Hj. Salleh & Hj. Mokhtar Rahman,
_eeditor
942 _ddc
_cB
999 _c110336
_d110336